000 00320nam a2200133Ia 4500
008 231129s1969||||xx |||||||||||||| ||spa||
040 _bspa
082 _a273.1 D917
100 _aDunham Barrows
245 0 _aHeroes y Herejes : Antiguedad y edad media
260 _c1969
264 _aSeix Barral
942 _2ddc
_cBKS
999 _c14993
_d14993